Buku perukunan lengkap bahasa Indonesia. (Record no. 88133)

MARC details
000 -LEADER
fixed length control field 00630cam a22002291 4500
001 - CONTROL NUMBER
control field sa 68018039
003 - CONTROL NUMBER IDENTIFIER
control field DLC
005 - DATE AND TIME OF LATEST TRANSACTION
control field 20260227112708.0
008 - FIXED-LENGTH DATA ELEMENTS--GENERAL INFORMATION
fixed length control field 720720s1900 xx 000 0 ind
010 ## - LIBRARY OF CONGRESS CONTROL NUMBER
LC control number sa 68018039
035 ## - SYSTEM CONTROL NUMBER
System control number (OCoLC)361101
040 ## - CATALOGING SOURCE
Original cataloging agency DLC
Transcribing agency OAU
Modifying agency DLC
042 ## - AUTHENTICATION CODE
Authentication code premarc
050 00 - LIBRARY OF CONGRESS CALL NUMBER
Classification number BP176
Item number .S57
100 1# - MAIN ENTRY--PERSONAL NAME
Personal name Sjaf, Mahjuddin.
245 10 - TITLE STATEMENT
Title Buku perukunan lengkap bahasa Indonesia.
260 ## - PUBLICATION, DISTRIBUTION, ETC.
Place of publication, distribution, etc. Djakarta,
Name of publisher, distributor, etc. "Artja"
Date of publication, distribution, etc. [19--]
300 ## - PHYSICAL DESCRIPTION
Extent 84 p.
Dimensions 20 cm.
500 ## - GENERAL NOTE
General note Cover title: Perukunan lengkap bh. Indonesia.
650 #0 - SUBJECT ADDED ENTRY--TOPICAL TERM
Topical term or geographic name entry element Pillars of Islam.
740 0# - ADDED ENTRY--UNCONTROLLED RELATED/ANALYTICAL TITLE
Uncontrolled related/analytical title Perukunan lengkap bahasa Indonesia.

No items available.

Powered by Koha